Daňové aspekty medzinárodných transakcií a medzinárodných daňových únikov

Salvato in:
Dettagli Bibliografici
Autore principale: Simonidesová, Jana, 1968-
Natura: Capitolo di libro
Lingua:slovacco
Soggetti:
Tags: Aggiungi Tag
Nessun Tag, puoi essere il primo ad aggiungerne!!

MARC

LEADER 00000nla a2200000 4500
001 0233405
005 20240502073806.4
041 0 |a slo 
044 |a SK 
245 1 0 |a Daňové aspekty medzinárodných transakcií a medzinárodných daňových únikov  |c Jana Simonidesová 
500 |a Abstrakt 
610 2 0 |a politika daňová 
610 2 0 |a systémy daňové 
610 2 0 |a povinnosť daňová 
610 2 0 |a predpisy daňové 
610 2 0 |a únik daňový 
610 2 0 |a príjmy 
610 2 0 |a zdaňovanie medzinárodné 
100 1 |a Simonidesová, Jana, 1968-